00415nam a2200181Ia 4500008004100000020001400041245002600055245001600081260001500097260001600112260000900128300001500137300002500152300001000177440001900187500000800206999001900214170705s9999 xx 000 0 und d a516245058 aLet's go to the zoo / cCate Foley. aNew York : bScholastic, c2001 a24 pages : bcolor illustration ; c15cm. aWelcome books. a100 c335344d335344